<?xml version="1.0" encoding="UTF-8"?><?xml-stylesheet type="text/xsl" href="static/style.xsl"?><OAI-PMH xmlns="http://www.openarchives.org/OAI/2.0/" xmlns:xsi="http://www.w3.org/2001/XMLSchema-instance" xsi:schemaLocation="http://www.openarchives.org/OAI/2.0/ http://www.openarchives.org/OAI/2.0/OAI-PMH.xsd"><responseDate>2026-04-13T02:32:49Z</responseDate><request verb="GetRecord" identifier="oai:www.recercat.cat:2072/471105" metadataPrefix="marc">https://recercat.cat/oai/request</request><GetRecord><record><header><identifier>oai:recercat.cat:2072/471105</identifier><datestamp>2025-10-27T11:23:27Z</datestamp><setSpec>com_2072_98</setSpec><setSpec>col_2072_378192</setSpec></header><metadata><record xmlns="http://www.loc.gov/MARC21/slim" xmlns:dcterms="http://purl.org/dc/terms/" xmlns:xsi="http://www.w3.org/2001/XMLSchema-instance" xmlns:doc="http://www.lyncode.com/xoai" xsi:schemaLocation="http://www.loc.gov/MARC21/slim http://www.loc.gov/standards/marcxml/schema/MARC21slim.xsd">
   <leader>00925njm 22002777a 4500</leader>
   <datafield ind2=" " ind1=" " tag="042">
      <subfield code="a">dc</subfield>
   </datafield>
   <datafield ind2=" " ind1=" " tag="720">
      <subfield code="a">Martínez-Carrasco, Robert</subfield>
      <subfield code="e">author</subfield>
   </datafield>
   <datafield ind2=" " ind1=" " tag="720">
      <subfield code="a">Chabert, Alicia</subfield>
      <subfield code="e">author</subfield>
   </datafield>
   <datafield ind2=" " ind1=" " tag="260">
      <subfield code="c">2023</subfield>
   </datafield>
   <datafield ind2=" " ind1=" " tag="520">
      <subfield code="a">The article examines the use of written corrective feedback by online grammar checkers as a tool for L2 competence development. While feedback on students' writing is considered an instrumental part in their learning process, providing comprehensive feedback may not always be possible. Grammar checkers can therefore become an interesting tool to scaffold the students' learning process as they promote self-directed learning. For the purposes of this study, a set of authentic EFL compositions in English (n=91; C1 CEFR) was subjected to a popular Automated Writing Evaluation (AWE) system, Grammarly, in order to analyse the feedback provided, namely the types and frequency of errors and the level of accuracy in error detection. The findings determine that, while grammar checkers may be useful as a complementary tool, they are developed with native speakers in mind, so the feedback does not always meet the EFL learners' needs.</subfield>
   </datafield>
   <datafield ind2=" " ind1=" " tag="520">
      <subfield code="a">L'article aprofundeix en la retroalimentació correctiva automàtica com a eina per al desenvolupament de la L2. Si bé la retroalimentació de la producció escrita es considera instrumental per a l'aprenentatge de la llengua estrangera, proporcionar-la pot no ser sempre possible, de manera que els correctors, en promoure l'aprenentatge autodirigit, poden convertir-se en una eina útil que apuntale l'aprenentatge de l'alumnat. Així doncs, l'estudi que presentem fa servir l'eina Grammarly per tal d'avaluar la producció escrita en anglés d'un grup d'estudiants hispanoparlants (n=91; C1 MECR) i analitzar-ne la retroalimentació, a saber, els tipus i freqüència d'errors i el nivell de precisió de l'eina. Els resultats suggereixen que, encara que els correctors gramaticals poden ser útils com a eina complementària, solen estar desenvolupats per a parlants natius, per la qual cosa la retroalimentació no sempre satisfà les necessitats dels estudiants.</subfield>
   </datafield>
   <datafield ind2=" " ind1=" " tag="520">
      <subfield code="a">El artículo profundiza en la retroalimentación correctiva automática como herramienta para el desarrollo de la L2. Si bien la retroalimentación de la producción escrita se considera instrumental en el aprendizaje de una lengua extranjera, proporcionar retroalimentación exhaustiva puede no ser siempre posible, de ahí que los correctores puedan convertirse, al promover el aprendizaje autodirigido, en una herramienta útil que apuntale el aprendizaje del alumnado. Partiendo de esa base, en el estudio que presentamos se utilizó la herramienta Grammarly para evaluar la producción escrita en inglés de estudiantes hispanohablantes (n=91; C1 MCER) y analizar la retroalimentación proporcionada, a saber, los tipos y frecuencia de errores y el nivel de precisión de la herramienta. Los resultados sugieren que, aunque los correctores gramaticales pueden ser útiles como herramienta complementaria, suelen estar desarrollados pensando en hablantes nativos, por lo que la retroalimentación no siempre satisface las necesidades de los estudiantes.</subfield>
   </datafield>
   <datafield ind2=" " ind1=" " tag="520">
      <subfield code="a">L'article examine le feedback correctif automatique en tant qu'outil de développement d'une langue étrangère. Bien que le feedback correctif sur la production écrite soit considéré comme un élément essentiel de l'apprentissage des langues étrangères, il n'est pas toujours possible de fournir un feedback correctif complet. Par conséquent, en encourageant l'apprentissage autonome, les correcteurs peuvent devenir un outil utile pour soutenir l'apprentissage des étudiants. Sur cette base, la présente étude a utilisé l'outil Grammarly pour évaluer la production écrite en anglais d'apprenants hispanophones (n=91 ; C1 CECR) et pour analyser le feedback correctif fourni, à savoir les types et la fréquence des erreurs et le niveau de précision de l'outil. Les résultats suggèrent que, bien que les correcteurs grammaticaux puissent être utiles en tant qu'outil complémentaire, ils sont souvent développés en pensant aux locuteurs natifs, de sorte que le retour d'information ne répond pas toujours aux besoins des apprenants.</subfield>
   </datafield>
   <datafield tag="653" ind2=" " ind1=" ">
      <subfield code="a">Grammarly</subfield>
   </datafield>
   <datafield tag="653" ind2=" " ind1=" ">
      <subfield code="a">AWE</subfield>
   </datafield>
   <datafield tag="653" ind2=" " ind1=" ">
      <subfield code="a">EFL</subfield>
   </datafield>
   <datafield tag="653" ind2=" " ind1=" ">
      <subfield code="a">Corrective feedback</subfield>
   </datafield>
   <datafield tag="653" ind2=" " ind1=" ">
      <subfield code="a">Writing competence assessment</subfield>
   </datafield>
   <datafield tag="653" ind2=" " ind1=" ">
      <subfield code="a">Avaluació automàtica de la producció escrita</subfield>
   </datafield>
   <datafield tag="653" ind2=" " ind1=" ">
      <subfield code="a">Anglès com a llengua estrangera</subfield>
   </datafield>
   <datafield tag="653" ind2=" " ind1=" ">
      <subfield code="a">Retroalimentació correctiva</subfield>
   </datafield>
   <datafield tag="653" ind2=" " ind1=" ">
      <subfield code="a">Avaluació de la competència escrita</subfield>
   </datafield>
   <datafield tag="653" ind2=" " ind1=" ">
      <subfield code="a">Evaluación automática de la producción escrita</subfield>
   </datafield>
   <datafield tag="653" ind2=" " ind1=" ">
      <subfield code="a">Inglés como lengua extranjera</subfield>
   </datafield>
   <datafield tag="653" ind2=" " ind1=" ">
      <subfield code="a">Retroalimentación correctiva</subfield>
   </datafield>
   <datafield tag="653" ind2=" " ind1=" ">
      <subfield code="a">Evaluación de la competencia escrita</subfield>
   </datafield>
   <datafield tag="653" ind2=" " ind1=" ">
      <subfield code="a">Évaluation automatique de la production écrite</subfield>
   </datafield>
   <datafield tag="653" ind2=" " ind1=" ">
      <subfield code="a">Anglais langue étrangère</subfield>
   </datafield>
   <datafield tag="653" ind2=" " ind1=" ">
      <subfield code="a">Feedback correctif</subfield>
   </datafield>
   <datafield tag="653" ind2=" " ind1=" ">
      <subfield code="a">Évaluation de la compétence écrite</subfield>
   </datafield>
   <datafield ind2="0" ind1="0" tag="245">
      <subfield code="a">Writing on steroids? : Accuracy of automatic corrective feedback in L2 competence development</subfield>
   </datafield>
</record></metadata></record></GetRecord></OAI-PMH>